Štefan Straka, akad. maliar ...

Bibliographic Details
Format: Article
Language:Slovak
Subjects:

MARC

LEADER 00000nab a22000001a 4500
001 vtls010065046
003 SK-MaSNL
005 20260303050710.0
008 100215d193201 xo |r|p|||| |000 b|slo
015 |a SNBRRBVU1918-1938 
038 |a SNKBUCL 
038 |a SNKBUVU 
040 |a SNKBUVU  |b slo  |c SNKBUCL  |e AACR2 
041 0 |a slo 
044 |a xo  |c SK 
080 |a 75.071.1  |2 1997 
080 |a 929 Straka, Štefan  |2 1997 
245 0 0 |a Štefan Straka, akad. maliar ... 
500 |a V rubrike Kronika, poznámky, časopisy 
600 1 7 |a Straka, Štefan,  |d 1898-1932  |2 MM  |9 197192 
650 0 7 |a slovenskí maliari  |2 snkbucl  |9 279748 
655 7 |a biografické poznámky  |2 MM  |9 409835 
773 0 |t Prúdy  |g Roč. 16, č. 1 (1932), s. 63 
852 |a SNK  |b KIS3GCP 
910 |a snkrbvumm 
958 |a VY 
999 |c 1708521  |d 1710451